000 00840nmm a2200265 a 4500
001 ocm0001061823
003 TR-IsHL
005 20201028151003.0
008 150623s2013 tu tur
007 cr cn
020 _a9789752864245
035 _a1061823
_b(N$T)
050 0 4 _aPL248.T52
_bA85 2013
090 0 4 _aPL248.T52
_bA85 2013
100 1 _aTimuçin, Afşar
245 1 0 _aAşk beni çağırınca: bütün şiirleri 13
_h[electronic resource] /
_cAfşar Timuçin
260 _aİstanbul :
_bBulut Yayınları,
_c2013
300 _a98 p.
650 4 _aDil ve Edebiyat
650 4 _aLanguage and Literature
650 0 _aTürk şiiri
650 0 _aTurkish poetry
650 7 _aPOETRY / Middle Eastern
_2bisacsh
856 4 0 _uhttp://search.ebscohost.com/login.aspx?direct=true&scope=site&db=e011xww&AN=1061823
999 _c10770
_d10770